|
|
|
|
| LEADER |
00000cam a2200000 7i4500 |
| 001 |
0000004316 |
| 002 |
000004638 |
| 005 |
20000330.0 |
| 020 |
|
|
|a 0563206802
|
| 090 |
0 |
0 |
|a 629.1309
|b REN
|
| 100 |
1 |
|
|a Rendall, Iran
|
| 245 |
1 |
0 |
|a Reaching forthe skies :
|b the adventure of flight
|c Iran Rendall
|
| 260 |
|
|
|a London :
|b BBC Books ,
|c 1988
|
| 300 |
|
|
|a 288p. :
|b ill ;
|c 25cm.
|
| 490 |
0 |
|
|a The books of the major Tv series
|
| 650 |
0 |
0 |
|a Aeronautics
|x History
|
| 650 |
0 |
0 |
|a Airplanes
|x History
|
| 650 |
0 |
0 |
|a Flights
|x History
|
| 999 |
|
|
|a 031367
|b BUKU
|c PINJAMAN
|e PERPUSTAKAAN KOMUNITI PETALING JAYA
|
| 999 |
|
|
|a 031368
|b BUKU
|c PINJAMAN
|e PERPUSTAKAAN KOMUNITI PETALING JAYA
|